El vampiro y otras visitas / (Record no. 146633)

MARC details
000 -CABECERA
campo de control de longitud fija 00623nam a2200205 u 4500
005 - FECHA Y HORA DE LA ÚLTIMA TRANSACCIÓN
campo de control 20220818063538.0
008 - ELEMENTOS DE LONGITUD FIJA--INFORMACIÓN GENERAL
campo de control de longitud fija 100208s2004 mx r 000 0 spa d
020 ## - NÚMERO INTERNACIONAL NORMALIZADO PARA LIBROS
Número Internacional Estándar del Libro 9681661346
035 ## - NÚMERO DE CONTROL DEL SISTEMA
Número de control de sistema UPN01000174529
049 ## - COLECCIÓN
Colección I
050 #4 - SIGNATURA TOPOGRÁFICA DE LA BIBLIOTECA DEL CONGRESO
Número de clasificación PZ78
Número de documento/Ítem A7.8
100 1# - ASIENTO PRINCIPAL--NOMBRE PERSONAL
Nombre de persona Arciniegas, Triunfo,
Fechas asociadas al nombre 1957-
9 (RLIN) 32433
245 13 - MENCIÓN DE TÍTULO
Título El vampiro y otras visitas /
Mención de responsabilidad, etc. Triunfo Arciniegas ; il. de Jotavé.
260 ## - PUBLICACIÓN, DISTRIBUCIÓN, ETC.
Lugar de publicación, distribución, etc. México :
Nombre del editor, distribuidor, etc. FCE,
-- 2001.
300 ## - DESCRIPCIÓN FÍSICA
Extensión 61 p. :
Otras características físicas il.
440 #0 - MENCIÓN DE SERIE/ASIENTO SECUNDARIO--TÍTULO
Título A la orilla del viento ;
Designación de volumen o secuencia 131
650 #0 - ASIENTO SECUNDARIO DE MATERIA - TERMINO TEMATICO
Término de materia o nombre geográfico como elemento de entrada Cuentos infantiles colombianos
9 (RLIN) 4407
650 #4 - ASIENTO SECUNDARIO DE MATERIA - TERMINO TEMATICO
Término de materia o nombre geográfico como elemento de entrada VAMPIROS -
Subdivisión de forma LITERATURA INFANTIL
9 (RLIN) 15397
905 ## - TIPO DE MATERIAL
Tipo de material Infantil
Holdings
Estado de retiro Estado de pérdida Fuente del sistema de clasificación o colocación Estado dañado No para préstamo Código de colección Localización permanente Ubicación/localización actual Ubicación en estantería Fecha de adquisición Total de préstamos Clasificación Código de barras Fecha visto por última vez Número de copia Tipo de ítem Koha
    Library of Congress Classification     Infantil Bib. Gregorio Torres Quintero Bib. Gregorio Torres Quintero Sala infantil Planta baja 10/05/2023 2 PZ78 A7.8 269424 31/12/2020 1 Libro